International relations theory : (Record no. 18714)

MARC details
000 -LEADER
fixed length control field 00967cam a2200301 i 4500
001 - CONTROL NUMBER
control field 17770849
005 - DATE AND TIME OF LATEST TRANSACTION
control field 20201128021139.0
008 - FIXED-LENGTH DATA ELEMENTS--GENERAL INFORMATION
fixed length control field 130610s2014 xxkao b 001 0 eng d
010 ## - LIBRARY OF CONGRESS CONTROL NUMBER
LC control number 2013017247
020 ## - INTERNATIONAL STANDARD BOOK NUMBER
International Standard Book Number 9780415713047 (hardback)
020 ## - INTERNATIONAL STANDARD BOOK NUMBER
International Standard Book Number 0415713048 (hardback)
020 ## - INTERNATIONAL STANDARD BOOK NUMBER
International Standard Book Number 9780415713061 (pbk.)
020 ## - INTERNATIONAL STANDARD BOOK NUMBER
International Standard Book Number 0415713064 (pbk.)
020 ## - INTERNATIONAL STANDARD BOOK NUMBER
Cancelled/invalid ISBN 9781315882291 (ebook)
040 ## - CATALOGING SOURCE
Original cataloging agency DLC
Language of cataloging eng
Transcribing agency DLC
Modifying agency DLC
-- EG-ScBUE
082 00 - DEWEY DECIMAL CLASSIFICATION NUMBER
Classification number 327.101
Edition number 22
Item number WEB
100 1# - MAIN ENTRY--PERSONAL NAME
Personal name Weber, Cynthia
9 (RLIN) 36782
245 10 - TITLE STATEMENT
Title International relations theory :
Remainder of title a critical introduction /
Statement of responsibility, etc Cynthia Weber.
250 ## - EDITION STATEMENT
Edition statement 4th ed.
260 ## - PUBLICATION, DISTRIBUTION, ETC. (IMPRINT)
Place of publication, distribution, etc Oxon, United Kingdom :
Name of publisher, distributor, etc Routledge,
Date of publication, distribution, etc 2014.
300 ## - PHYSICAL DESCRIPTION
Extent xxvii, 291 p. :
Other physical details photographs, tables ;
Dimensions 25 cm.
500 ## - GENERAL NOTE
General note Index : p. 287-291.
504 ## - BIBLIOGRAPHY, ETC. NOTE
Bibliography, etc Bibliography : 275-286.
653 ## - INDEX TERM--UNCONTROLLED
Resource For college BAEPS, Political Science
Arrived date list December2014
655 ## - INDEX TERM--GENRE/FORM
Form subdivision
-- 34232
650 #0 - SUBJECT ADDED ENTRY--TOPICAL TERM
9 (RLIN) 2834
Topical term or geographic name as entry element International relations
General subdivision Philosophy
942 ## - ADDED ENTRY ELEMENTS (KOHA)
Source of classification or shelving scheme Dewey Decimal Classification
Call number prefix 327.101 WEB
Holdings
Withdrawn status Item status Source of classification or shelving scheme Damaged status Not for loan Vendor Home library Current library Shelving location Date acquired Source of acquisition Cost, normal purchase price Serial Enumeration / chronology Total Checkouts Total Renewals Full call number Barcode Date last seen Date last borrowed Cost, replacement price Koha item type
    Dewey Decimal Classification     Baccah Central Library Central Library First floor 03/12/2014   294.00 20677 4 8 327.101 WEB 000037095 15/07/2025 15/01/2017 367.50 Book - Borrowing